'Click-ens' Dahl & Dickens Quiz Stats

Quiz Updated Jun 29, 2013

Challenge
Share
Tweet
Embed
Score 0/30 Timer 10:00
0 Plays Today
% Correct
Charlie and the Chocolate Factory
95%
James and the Giant Peach
94.4%
A Christmas Carol
93.7%
A Tale of Two Cities
93.4%
Great Expectations
93%
Matilda
92.2%
David Copperfield
92.1%
The Adventures of Oliver Twist
92%
Fantastic Mr. Fox
92%
The Life and Adventures of Nicholas Nickleby
88.8%
The Pickwick Papers
85.5%
The BFG
85.1%
The Witches
84.4%
Charlie and the Great Glass Elevator
84.2%
The Old Curiosity Shop
80.2%
% Correct
Danny, the Champion of the World
79.5%
Bleak House
78.9%
The Twits
78.7%
The Life and Adventures of Martin Chuzzlewit
75%
Our Mutual Friend
66.9%
The Enormous Crocodile
66%
The Magic Finger
61.2%
The Cricket On The Hearth
57.1%
Esio Trot
56.4%
Dombey and Son
54.3%
The Vicar of Nibbleswickle
53.6%
The Minpins
44.7%
The Haunted Man and the Ghost's Bargain
40.2%
The Gremlins
38.1%
The Chimes
37.1%

You're not logged in!

Compare scores with friends on all Sporcle quizzes.
Sign Up with Email
OR
Log In

You Might Also Like...

Show Comments

Extras

Top Quizzes Today


Score Distribution

Your Account Isn't Verified!

In order to create a playlist on Sporcle, you need to verify the email address you used during registration. Go to your Sporcle Settings to finish the process.